000 00673cam a2200217 a 4500
001 13830213
005 20180110073026.0
008 050104s2001 maua 001 0 eng
010 _a 00133807
020 _a061806656X (instructor's ed.)
040 _aDLC
_cDLC
_dDLC
041 _aeng
080 _a512.13LAR
082 0 0 _a512.13LAR
_222
100 1 _a36
101 _aMAT
245 1 0 _aPrecalculus :
_cRon Larson, Robert P. Hostetler, Bruce H. Edwards.
906 _a7
_bcbc
_corigcop
_d3
_encip
_f20
_gy-gencatlg
942 _2ddc
_cBK
999 _c39996
_d39996